000 02572cam a2200313 a 4500
001 6203
003 FISKH
005 20250328094518.0
008 000510s2000 enk bq 001 0 eng
010 _a 2001334096
020 _a0747550875
020 _a9781784703936
040 _aDLC
_cDLC
_dDLC
_beng
050 _aCB428 .H36813
082 _a909.83
100 _aDeus, Homo
245 1 2 _aHomo Deus :
_bA brief history of tomorrow /
_cYuval Noah Harari
250 _aFirst published in Vintage in 2017
260 _aLondon :
_bVintage,
_c2015
300 _a513 pages ;
_cillustrations ;
_b20 cm
504 _aIncludes bibliographical references (265-267) and index.
504 _aIncludes filmography: p. 269.
520 _aYuval Noah Harari, author of the critically-acclaimed New York Times bestseller and international phenomenon Sapiens, returns with an equally original, compelling, and provocative book, turning his focus toward humanity's future, and our quest to upgrade humans into gods.Over the past century humankind has managed to do the impossible and rein in famine, plague, and war. This may seem hard to accept, but, as Harari explains in his trademark style--thorough, yet riveting--famine, plague and war have been transformed from incomprehensible and uncontrollable forces of nature into manageable challenges. For the first time ever, more people die from eating too much than from eating too little; more people die from old age than from infectious diseases; and more people commit suicide than are killed by soldiers, terrorists and criminals put together. The average American is a thousand times more likely to die from binging at McDonalds than from being blown up by Al Qaeda. What then will replace famine, plague, and war at the top of the human agenda? As the self-made gods of planet earth, what destinies will we set ourselves, and which quests will we undertake? Homo Deus explores the projects, dreams and nightmares that will shape the twenty-first century--from overcoming death to creating artificial life. It asks the fundamental questions: Where do we go from here? And how will we protect this fragile world from our own destructive powers? This is the next stage of evolution. This is Homo Deus. With the same insight and clarity that made Sapiens an international hit and a New York Times bestseller, Harari maps out our future.
650 0 _aForecasting
_xHistory.
650 0 _aTwenty-first century
_vForecasts.
906 _a7
_bcbc
_ccopycat
_d3
_encip
_f20
_gy-gencatlg
942 _2ddc
_cBK
_n0
999 _c6203
_d6203